| 000 | 00759nam a2200181Ia 4500 | ||
|---|---|---|---|
| 008 | 100920s9999 xx 000 0 und d | ||
| 082 |
_b106687 _a891.43 न 07 |
||
| 100 | _aव्दिवेदी भास्कर प्रसाद. | ||
| 245 | _aवैदिक औषधियाँ एवं आयुर्विज्ञान. | ||
| 260 |
_bराका प्रकाशन, इलाहाबाद. _c2007 |
||
| 300 |
_a192 _bसाधी |
||
| 365 | _b200 | ||
| 520 | _aहिंदी. | ||
| 630 | _aवैदिक औषधियाँ एवं आयुर्विज्ञान. | ||
| 650 | _aहिंदी. | ||
| 730 | _aवैदिक औषधियाँ एवं आयुर्विज्ञान. | ||
| 942 | _cBOOK | ||
| 999 |
_c747112 _d747109 |
||